01605 a2200205 45000010006000000050017000060080041000230030015000640400040000790800067001192450037001860200022002232500012002452640042002573000025002995050943003240410008012671000025012758560099013005383820260407155809.0260407a2008 arg spa dAR-UNSa-BCEJYS aAR-UNSa-BCEJYSbspacAR-UNSa-BCEJYS a658.16xReorganización financiera (Proyectos de inversión)10aEvaluación social de proyectos a978-970-26-1300-8 a13a. ed 1aMéxico :bPearson Educaciónc2008 axxii, 622 p.c23 cm. a1. El proyecto y su ciclo de gestación – 2. Diferentes costos para diferentes decisiones – 3. Diferentes criterios para la decisión de inversiones – 4. Aplicaciones de los criterios de la decisión a diferentes problemas – 5. Principios de economía para la evaluación social de proyectos – 6. Fundamentos de la evaluación social de proyectos – 7. La evaluación social en la ausencia de distorsiones – 8. Ajustes al valor privado de la producción de bienes nacionales – 9. Ajustes al precio de los insumos nacionales – 10. Los defectos indirectos en presencia de distorsiones – 11. Ajustes al precio de bienes transables: al precio social – 12. Ajustes al precio de la mano de obra – 13. La tasa de descuentos y el VABSN medible – 14. El precio de las divisas para la evaluación social de los proyectos – 15. La tasa social de descuento - 16. Comentarios finales sobre el VABSN de los proyectos aspa1 aFontaine, Ernesto R.41uhttps://www.biblioeco.unsa.edu.ar/pmb/images/libros/L128443.jpgyImagen de portadaqimage/jpeg